Advances in Image-Guided Urologic Surgery

This book provides an overview of the current state-of-art in combining advances in biomedical imaging with intraoperative navigation and preoperative planning for urologic surgery. These advances hold great promise in improving diagnostic and therapeutic urologic interventions to improve patient ou...

Full description

Bibliographic Details
Corporate Author: SpringerLink (Online service)
Other Authors: Liao, Joseph C. (Editor), Su, Li-Ming (Editor)
Format: Electronic eBook
Language:English
Published: New York, NY : Springer New York : Imprint: Springer, 2015.
Subjects:
Online Access:Full Text via HEAL-Link
LEADER 03318nam a22004815i 4500
001 978-1-4939-1450-0
003 DE-He213
005 20151204163750.0
007 cr nn 008mamaa
008 141118s2015 xxu| s |||| 0|eng d
020 |a 9781493914500  |9 978-1-4939-1450-0 
024 7 |a 10.1007/978-1-4939-1450-0  |2 doi 
040 |d GrThAP 
050 4 |a RC870-923.2 
050 4 |a RC875-899.5 
072 7 |a MJS  |2 bicssc 
072 7 |a MED088000  |2 bisacsh 
082 0 4 |a 616.6  |2 23 
245 1 0 |a Advances in Image-Guided Urologic Surgery  |h [electronic resource] /  |c edited by Joseph C. Liao, Li-Ming Su. 
264 1 |a New York, NY :  |b Springer New York :  |b Imprint: Springer,  |c 2015. 
300 |a XVI, 289 p. 135 illus., 119 illus. in color.  |b online resource. 
336 |a text  |b txt  |2 rdacontent 
337 |a computer  |b c  |2 rdamedia 
338 |a online resource  |b cr  |2 rdacarrier 
347 |a text file  |b PDF  |2 rda 
505 0 |a Endoscopic Fluorescence Imaging of Bladder Cancer: Photodynamic Diagnosis and Confocal Laser Endomicroscopy -- Narrow Band Imaging for Urothelial Cancer -- Optical Coherence Tomography in Bladder Carcinoma -- Optical Coherence Tomography for Prostate Cancer and Beyond -- Fluorescence Image-Guided Robotic Surgery -- Multiphoton Microscopy in Urologic Surgery -- Hyperspectral Imaging of Renal Oxygenation (Near-Infrared Tissue Oximetry for Renal Ischemia) -- Light Reflectance Spectroscopy and Autofluorescence (Kidney and Prostate) -- Intraoperative Doppler Ultrasound During Robotic Surgery -- TRUS of the Prostate: State of the Art -- Ultrasound-Guided Prostate Cryotherapy -- Endoluminal Ultrasonography -- Multiparametric Magnetic Resonance Imaging for Prostate Cancer -- MR-Guided Prostate Interventions -- CT-Guided Renal Ablation- MR-Guided Renal Ablation -- Augmented Reality for Percutaneous Renal Interventions -- Image Guidance in Robotic Assisted Renal Surgery -- Urologic Surgery Training Using Computer-Assisted Simulators -- Molecular Imaging in Urology. 
520 |a This book provides an overview of the current state-of-art in combining advances in biomedical imaging with intraoperative navigation and preoperative planning for urologic surgery. These advances hold great promise in improving diagnostic and therapeutic urologic interventions to improve patient outcomes. Leading experts in this exciting emerging field covers early clinical and pre-clinical applications of optical, ultrasound, cross-sectional, and computer-assisted imaging in urologic surgery. Advances in Image-Guided Urologic Surgery provides a unique and valuable resource for audience with clinical and research interest in minimally invasive surgery, endourology, urologic oncology, imaging, and biomedical engineering. 
650 0 |a Medicine. 
650 0 |a Radiology. 
650 0 |a Oncology. 
650 0 |a Urology. 
650 1 4 |a Medicine & Public Health. 
650 2 4 |a Urology. 
650 2 4 |a Imaging / Radiology. 
650 2 4 |a Oncology. 
700 1 |a Liao, Joseph C.  |e editor. 
700 1 |a Su, Li-Ming.  |e editor. 
710 2 |a SpringerLink (Online service) 
773 0 |t Springer eBooks 
776 0 8 |i Printed edition:  |z 9781493914494 
856 4 0 |u http://dx.doi.org/10.1007/978-1-4939-1450-0  |z Full Text via HEAL-Link 
912 |a ZDB-2-SME 
950 |a Medicine (Springer-11650)